All MCU Shows - Statistics

General Stats
  • This quiz has been taken 15 times
  • The average score is 7 of 8
Answer Stats
Hint Answer % Correct
2021 Loki
100%
2022 Ms. Marvel
100%
2021 Wandavision
100%
2022 She Hulk
91%
2021 Falcon and the Winter Soldier
82%
2021 What If....?
82%
2021 Hawkeye
73%
2022 Moonknight
73%
No matching quizzes found
Score Distribution
Percent of People with Each Score
Percentile by Number Answered
Your Score History
You have not taken this quiz